Reforma Trabalhista Comentada por Juz̕es do Trabalho artrtigo por artigo /

Detalles Bibliográficos
Autor principal: Lisbḁ, Daniel
Otros Autores: Munhoz, Jos ̌Lucio
Formato: eBook
Lenguaje:portugués
Publicado: San Pablo: LTR, 2019
Materias:
Acceso en línea:Acceso restringido

MARC

LEADER 00000nam a22000007a 4500
005 2022032305045.0
007 cr|||| ||||
008 220323s2019 br |||||s|||| 00||0 por d
020 |a 978-85-361-9948-1 
035 |a 35970 
040 |a vLex 
090 |c 13082  |d 13082 
100 1 |a Lisbḁ, Daniel 
245 1 0 |a Reforma Trabalhista Comentada por Juz̕es do Trabalho  |h [Recurso electrn̤ico] :  |b artrtigo por artigo /  |c Daniel Lisbḁ, Jos ̌Lucio Munhoz 
256 |a Servicio en ln̕ea 
260 |a San Pablo:  |b LTR,  |c 2019 
300 |a 1 recurso electrn̤ico 
506 1 |a Disponible solo en los productos indicados  |d vLex Global  |d vLex Global (Academic Edition, excluding Law Schools)  |d vLex Global (U.S. Academic Edition, Law Schools)  |d vLex Global (U.S. Academic Edition, excluding Law Schools)  |d vLex Global (Academic Edition, Law Schools) 
650 0 4 |a Derecho Laboral y Seguridad Social  |z Brasil 
700 1 |a Munhoz, Jos ̌Lucio 
740 0 |a vLex Libros (Servicio en ln̕ea) 
856 4 0 |u https://app.vlex.com/#/sources/35970  |z Acceso restringido 
942 |c BOOK 
999 0 |a Labor law and social security